01247nam a2200289Ia 4500001001200000003000800012006001900020007001500039008004100054010001700095020001500112040002100127035002000148050002500168100002600193245012300219260005800342300001700400504006400417533015200481600007900633650005800712655002900770710001700799856012600816999001500942ebr10272927CaPaEBRm u cr cn|||||||||990223s2000 enk sb 001 0 eng d z 99021119  z0195132068 aCaPaEBRcCaPaEBR a(OCoLC)6459013914aBT741.2b.C37 2000eb1 aCary, Phillip,d1958-10aAugustine's invention of the inner selfh[electronic resource] :bthe legacy of a Christian platonist /cPhillip Cary. aOxford ;aNew York :bOxford University Press,c2000. axvii, 214 p. aIncludes bibliographical references (p. 195-205) and index. aElectronic reproduction.bPalo Alto, Calif. :cebrary,d2009.nAvailable via World Wide Web.nAccess may be limited to ebrary affiliated libraries.00aAugustine,cSaint, Bishop of HippoxContributions in doctrine of the soul. 0aSoulxHistory of doctrinesyEarly church, ca. 30-600. 7aElectronic books.2local2 aebrary, Inc.40uhttp://site.ebrary.com/lib/rucke/Doc?id=10272927zAn electronic book accessible through the World Wide Web; click to view c6368d6368